书目信息 |
| 题名: |
建筑电气施工与工程识图实例
|
|
| 作者: | 黄晓燕 , 赵磊 主编 | |
| 分册: | ||
| 出版信息: | 武汉 华中科技大学出版社 2015.03 |
|
| 页数: | 241页 | |
| 开本: | 26cm | |
| 丛书名: | ||
| 单 册: | ||
| 中图分类: | TU85 | |
| 科图分类: | ||
| 主题词: | 建筑工程--jian zhu gong cheng--电气施工--识图--高等学校--教材 | |
| 电子资源: | ||
| ISBN: | 978-7-5680-0607-1 | |
| 000 | 00986nam0 2200277 450 | |
| 001 | CAL 0120151522315 | |
| 005 | 20150825151509.03 | |
| 010 | @a978-7-5680-0607-1@dCNY36.00 | |
| 100 | @a20150317d2015 em y0chiy50 ea | |
| 101 | 0 | @achi |
| 102 | @aCN@b420000 | |
| 105 | @aak a 000yy | |
| 106 | @ar | |
| 200 | 1 | @a建筑电气施工与工程识图实例@Ajian zhu dian qi shi gong yu gong cheng shi tu shi li@f主编黄晓燕, 赵磊 |
| 210 | @a武汉@c华中科技大学出版社@d2015.03 | |
| 215 | @a241页@c图@d26cm | |
| 320 | @a有书目 | |
| 330 | @a全书共分8个项目, 内容包括建筑电气工程识图基本知识、室内配线工程、变配电工程、灯具及开关插座的安装、照明、动力工程图实例与工程量的计算等。 | |
| 333 | @a普通高等院校“十二五”应用型规划教材 | |
| 586 | @a | |
| 606 | 0 | @a建筑工程@Ajian zhu gong cheng@x电气施工@x识图@x高等学校@j教材 |
| 690 | @aTU85@v5 | |
| 701 | 0 | @a黄晓燕@Ahuang xiao yan@4主编 |
| 701 | 0 | @a赵磊@Azhao lei@4主编 |
| 801 | 0 | @aCN@c20150820 |
| 905 | @a河南城建学院图书馆@dTU85@eH900@f3 | |
| 建筑电气施工与工程识图实例/主编黄晓燕, 赵磊.-武汉:华中科技大学出版社,2015.03 |
| 241页:图;26cm |
| 使用对象:普通高等院校“十二五”应用型规划教材 |
| ISBN 978-7-5680-0607-1:CNY36.00 |
| 全书共分8个项目, 内容包括建筑电气工程识图基本知识、室内配线工程、变配电工程、灯具及开关插座的安装、照明、动力工程图实例与工程量的计算等。 |
| ● |
| 相关链接 |
|
|
|
正题名:建筑电气施工与工程识图实例
索取号:TU85/H900
 
预约/预借
| 序号 | 登录号 | 条形码 | 馆藏地/架位号 | 状态 | 备注 |
| 1 | 1223832 | 212238327 | 建筑库201/201建筑库 53排2列4层/ [索取号:TU85/H900] | 在馆 | |
| 2 | 1223833 | 212238336 | 建筑库201/201建筑库 53排2列4层/ [索取号:TU85/H900] | 在馆 | |
| 3 | 1223834 | 212238345 | 建筑库201/201建筑库 53排2列4层/ [索取号:TU85/H900] | 在馆 |